| 000 | 00596nam a2200205 a 4500 | ||
|---|---|---|---|
| 001 | 3922 | ||
| 005 | 20140414131932.0 | ||
| 008 | 040602s19uu xx 00 eng d | ||
| 020 | _a1-85434-345-9 | ||
| 050 |
_aREF 912 _bF44 1995 |
||
| 100 | _aHook, Sue | ||
| 245 |
_aA first atlas / _ctext by Sue Hook, Angela Royston. |
||
| 260 |
_aUK : _bTwo-Can Pub., _c1995. |
||
| 300 | _a93 p. : ill. ; cm. | ||
| 440 | _aTwo-Can First Encyclopedia | ||
| 520 | _aExplore the world's regions, countries and people. | ||
| 650 |
_aHistorical atlases _xEncyclopedias. |
||
| 999 |
_c112251 _d112251 |
||